| 000 | 00523nam a2200205Ia 4500 | ||
|---|---|---|---|
| 003 | GCL | ||
| 008 | 140319s9999 xx 000 0 eng d | ||
| 040 |
_aGCL / _cGCL |
||
| 082 | 0 | 4 |
_a895.6 _bC S |
| 100 | 1 | _aCHIYO, UNO | |
| 245 | 1 | 0 |
_aTHE STORY OF A SINGLE WOMAN / _cCHIYO, UNO |
| 700 | 1 | _aCOPELAND, REBECCA | |
| 260 |
_a[S.N] : _bCHARLES E. TUTTLE COMPANY ، _c1993 |
||
| 300 | _a132 | ||
| 650 | 0 | 4 | _aLITERATURE |
| 650 | 0 | 4 | _aFICTION |
| 650 | 0 | 4 | _aJAPAN - LITERATURE |
| 650 | 0 | 4 | _aJAPAN - FICTION |
| 942 |
_2ddc _cBK |
||
| 999 |
_c25416 _d25416 |
||